La dynamique des phénomènes de la vie / (Record no. 178942)

MARC details
000 -LEADER
campo de control de longitud fija 00987namaa2200265 i 4500
001 - NÚMERO DE CONTROL
campo de control 178942
003 - IDENTIFICADOR DE NÚMERO DE CONTROL
campo de control ES-MaACL
005 - FECHA Y HORA DE LA ÚLTIMA TRANSACCIÓN
campo de control 20250815112605.0
008 - DATOS DE LONGITUD FIJA--INFORMACIÓN GENERAL
campo de control de longitud fija 110810s1908 fr | |||| ||fre d
080 ## - NÚMERO DE LA CLASIFICACIÓN DECIMAL UNIVERSAL
Número de la Clasificación Decimal Universal 577.1
100 1# - ENTRADA PRINCIPAL--NOMBRE DE PERSONA
Nombre de persona Loeb, Jacques.
9 (RLIN) 73085
245 13 - MENCIÓN DEL TÍTULO
Título La dynamique des phénomènes de la vie /
Mención de responsabilidad, etc. par J. Loeb ; traduit de l'allemand par H. Daudin, G. Schaeffer, ; préface de M. le professeur A. Giard.
250 ## - MENCION DE EDICION
Mención de edición Édition française avec additions de l'auteur.
260 ## - PUBLICACIÓN, DISTRIBUCIÓN, ETC.
Lugar de publicación, distribución, etc. Paris :
Nombre del editor, distribuidor, etc. Félix Alcan :
-- Ancienne Librairie Germer Baillière et Cª,
Fecha de publicación, distribución, etc. 1908.
300 ## - DESCRIPCIÓN FÍSICA
Extensión XV, 407 p. ;
Dimensiones 22 cm.
490 1# - MENCIÓN DE SERIE
Mención de serie Bibliothèque scientifique internationale ;
Designación de volumen o secuencia 109
650 07 - PUNTO DE ACCESO ADICIONAL DE MATERIA--TÉRMINO DE MATERIA
Término de materia o nombre geográfico como elemento de entrada Bioquímica
Fuente del encabezamiento o término embne
9 (RLIN) 136796
700 1# - ENTRADA AGREGADA--NOMBRE PERSONAL
Nombre de persona Giard, Alfred.
9 (RLIN) 127298
700 0# - ENTRADA AGREGADA--NOMBRE PERSONAL
Nombre de persona Daudin, H.
9 (RLIN) 42807
700 1# - ENTRADA AGREGADA--NOMBRE PERSONAL
Nombre de persona Schaeffer, G.
9 (RLIN) 147584
830 0# - PUNTO DE ACCESO ADICIONAL DE SERIE-TÍTULO UNIFORME
Título uniforme Bibliothèque scientifique internationale ;
Designación de volumen o secuencia 109
9 (RLIN) 186949
852 ## - LOCALIZACIÓN
Ubicación ES-MaACL
Número de control de estantería F-14437
Holdings
Estatus retirado Estado de pérdida Estado de daño No para préstamo Biblioteca de origen Biblioteca actual Ubicación en estantería Fecha de adquisición Fuente de adquisición Total de préstamos Signatura topográfica completa Código de barras Visto por última vez Precio de reemplazo Tipo de ítem Koha
        Biblioteca del Ateneo de Madrid Biblioteca del Ateneo de Madrid Sala Pecera Planta 2 10/08/2011     F-14437 1187967 23/02/2023 23/02/2023 Libro impreso